00853nac a22002411i 4500003000900000005001700009008004100026040004300067082002100110100004400131245003300175250002000208264006000228300004100288336002600329337002800355338002700383650004300410655001700453942001200470999001500482952011400497EG-ScBUE20250731092826.0250731s1961 nyu g 000 0 eng d aEG-ScBUEbengerdacEG-ScBUEdEG-ScBUE04a541.396bCOU2221 aCoulson, C. A., eauthor.10aValence /cby C. A. Coulson. aSecond edition. 1aNew York ; aLodon : bOxford University Press, c1961. a404 pages : billustrations ;c23 cm 2rdacontentatextbtxt aunmediated2rdamediabn avolumebnc2rdacarrier 7aValence (Theoretical chemistry)2BUEsh vReading book cBB2ddc c1856d1856 00102ddc3 4070aMAINbMAINc1STd2006-12-19ePurchasel0o541.396 COUp000002461r2025-07-15 00:00:00yBB